| Поле | Название | Значение |
| |
Тип записи |
c |
| |
Библиографический уровень |
m |
| 001 |
Контрольный номер |
RU/УОНБ/EK_N/449063977 |
| 005 |
Дата корректировки |
20251221161113.2 |
| 010 |
Индекс ISBN |
__ |
| 9 |
Тираж |
5000 экз. |
| 013 |
Номер (ISMN) |
__ |
| d |
Цена |
6250 р. |
| 071 |
Издательские номер (звукозапись и ноты) |
21 |
| a |
Номер, присвоенный агентством |
15265 |
| 100 |
Данные общей обработки |
__ |
| a |
Данные общей обработки |
20140325d1994 u y0rusy0189||||ca |
| 101 |
Язык документа |
0_ |
| a |
Язык текста |
rus |
| f |
Язык титульного листа |
rus |
| f |
Язык титульного листа |
eng |
| 102 |
Страна публикации |
__ |
| a |
Страна публикации |
RU |
| 105 |
Кодированные данные (монография) |
__ |
| a |
Кодированные данные (монография) |
y###||||000|y |
| 125 |
Кодированные данные звукозаписи и нотных изданий |
__ |
| a |
Форма изложения нотного текста |
с| |
| 128 |
Кодированные данные (звукозаписи-физические характеристики) |
__ |
| a |
Кодированные данные: Музыкальная форма и тональность или лад |
zz |
| b |
Инструменты или голоса, необходимые для ансамблей (устаревшее) |
kt|| |
| c |
Инструменты или голоса, рекомендуемые для солистов (устаревшее) |
kt|| |
| 200 |
Заглавие и сведения об ответственности |
1_ |
| a |
Заглавие |
Ностальгия |
| d |
Параллельное заглавие |
Nostalgia |
| e |
Сведения, относящиеся к заглавию |
концертные обработки популярных мелодий прошлых лет |
| e |
Сведения, относящиеся к заглавию |
для баяна и ансамблей |
| f |
Первые сведения об ответственности |
Анатолий Беляев |
| 210 |
Выходные данные |
1_ |
| a |
Место издания |
Москва |
| c |
Издательство |
Музыка |
| d |
Дата издания |
1994 |
| 215 |
Физическое описание |
__ |
| a |
Объем |
112 c. |
| d |
Формат |
29 см |
| 300 |
Общие примечания |
__ |
| a |
Общие примечания |
С предисл. изд. |
| 300 |
Общие примечания |
__ |
| a |
Общие примечания |
Текст на рус. и англ. яз. |
| 327 |
Примечание о содержании |
11 |
| a |
Примечание о содержании |
Содерж. : Агапкин А. Прощание славянки. - Козин В. Осень. - Беляев А. Импровизация : на тему песни М. Блантера "Летят перелетные птицы" ; Парафраз : на тему "Плясовой" Г. Носова ; Помнишь ли ты... : фантазия на тему И. Кальмана ; Импровизация : на тему Д. Эллингтона ; Воспоминание о Суоми : вальс. - Мокроусов Б. Одинокая гармонь. - Огонек. - Соловьев-Седой В. Вечер на рейде / обраб. А. Беляева и И. Катаева. - Хренников Т. Московские окна. - Ахвенайнен В. Вечерний Невский. - Цыганков А. - Беляев А. Цыганочка. |
| 464 |
Аналитический уровень |
_0 |
| 1 |
|
2001 |
| a |
|
Прощание славянки |
| 1 |
|
700 1 |
| a |
|
Агапкин |
| b |
|
А. |
| 464 |
Аналитический уровень |
_0 |
| 1 |
|
2001 |
| a |
|
Осень |
| 1 |
|
700 1 |
| a |
|
Козин |
| b |
|
В. |
| 464 |
Аналитический уровень |
_0 |
| 1 |
|
2001 |
| a |
|
Импровизация : на тему песни М. Блантера "Летят перелетные птицы" |
| 1 |
|
700 1 |
| a |
|
Беляев |
| b |
|
А. |
| 464 |
Аналитический уровень |
_0 |
| 1 |
|
2001 |
| a |
|
Парафраз |
| e |
|
на тему "Плясовой" Г. Носова |
| 1 |
|
700 1 |
| a |
|
Беляев |
| b |
|
А. |
| 464 |
Аналитический уровень |
_0 |
| 1 |
|
2001 |
| a |
|
Помнишь ли ты... |
| e |
|
фантазия на тему И. Кальмана |
| 1 |
|
700 1 |
| a |
|
Беляев |
| b |
|
А. |
| 464 |
Аналитический уровень |
_0 |
| 1 |
|
2001 |
| a |
|
Импровизация |
| e |
|
на тему Д. Эллингтона |
| 1 |
|
700 1 |
| a |
|
Беляев |
| b |
|
А. |
| 464 |
Аналитический уровень |
_0 |
| 1 |
|
2001 |
| a |
|
Воспоминание о Суоми |
| e |
|
вальс |
| 1 |
|
700 1 |
| a |
|
Беляев |
| b |
|
А. |
| 464 |
Аналитический уровень |
_0 |
| 1 |
|
2001 |
| a |
|
Одинокая гармонь |
| 1 |
|
700 1 |
| a |
|
Мокроусов |
| b |
|
Б. |
| 464 |
Аналитический уровень |
_0 |
| 1 |
|
2001 |
| a |
|
Огонек |
| 464 |
Аналитический уровень |
_0 |
| 1 |
|
2001 |
| a |
|
Вечер на рейде |
| 1 |
|
700 1 |
| a |
|
Соловьев-Седой |
| b |
|
В. |
| 1 |
|
702 1 |
| a |
|
Катаев |
| b |
|
И. |
| 4 |
|
030 |
| 464 |
Аналитический уровень |
_0 |
| 1 |
|
2001 |
| a |
|
Московские окна |
| 1 |
|
700 1 |
| a |
|
Хренников |
| b |
|
Т. |
| 464 |
Аналитический уровень |
_0 |
| 1 |
|
2001 |
| a |
|
Вечерний Невский |
| 1 |
|
700 1 |
| a |
|
Ахвенайнен |
| b |
|
В. |
| 464 |
Аналитический уровень |
_0 |
| 1 |
|
2001 |
| a |
|
Цыганочка |
| 1 |
|
700 1 |
| a |
|
Цыганков |
| b |
|
А. |
| 606 |
Тематические рубрики |
0_ |
| a |
Основная рубрика |
Баян |
| x |
Основная подрубрика |
Концертные обработки |
| 610 |
Ключевые слова |
0_ |
| a |
Ключевые слова |
баян |
| 610 |
Ключевые слова |
0_ |
| a |
Ключевые слова |
концертные обработки |
| 610 |
Ключевые слова |
0_ |
| a |
Ключевые слова |
обработки |
| 686 |
Индексы других классификаций |
__ |
| a |
Классификационный индекс |
85.954.6-058я43 |
| 2 |
Код системы |
rubbk |
| 702 |
Вторичная интеллектуальная ответственность |
_1 |
| a |
Фамилия |
Беляев |
| b |
Имя (инициалы) |
А. |
| 4 |
Код отношения |
030 |
| 801 |
Источник записи |
_0 |
| a |
Страна |
RU |
| b |
Организация |
Ульяновская ОНБ |
| c |
Дата составления |
20140325 |
| g |
Правила каталогизации |
RCR |
| 801 |
Источник записи |
_1 |
| a |
Страна |
RU |
| b |
Организация |
Ульяновская ОНБ |
| c |
Дата составления |
20140325 |
| g |
Правила каталогизации |
RCR |
| 901 |
Тип документа |
__ |
| t |
Тип документа |
m |
| 909 |
Создатель записи |
__ |
| a |
Создатель записи |
Сергеева Н. С. |
| 910 |
Корректоры записи |
__ |
| a |
Корректор записи |
Васина |
| 938 |
Служебная информация |
__ |
| a |
Имя БД |
noti |
| b |
Имя библиотеки |
УОНБ |
| c |
Имя АИБС |
МАРК-SQL |
| d |
Номер DOC_ID в БД |
12103 |